<?xml version="1.0" encoding="UTF-8"?><?xml-stylesheet type="text/xsl" href="static/style.xsl"?><OAI-PMH xmlns="http://www.openarchives.org/OAI/2.0/" xmlns:xsi="http://www.w3.org/2001/XMLSchema-instance" xsi:schemaLocation="http://www.openarchives.org/OAI/2.0/ http://www.openarchives.org/OAI/2.0/OAI-PMH.xsd"><responseDate>2026-04-17T10:49:37Z</responseDate><request verb="GetRecord" identifier="oai:www.recercat.cat:20.500.12328/5207" metadataPrefix="marc">https://recercat.cat/oai/request</request><GetRecord><record><header><identifier>oai:recercat.cat:20.500.12328/5207</identifier><datestamp>2026-02-28T19:54:54Z</datestamp><setSpec>com_2072_67741</setSpec><setSpec>col_2072_484355</setSpec></header><metadata><record xmlns="http://www.loc.gov/MARC21/slim" xmlns:dcterms="http://purl.org/dc/terms/" xmlns:xsi="http://www.w3.org/2001/XMLSchema-instance" xmlns:doc="http://www.lyncode.com/xoai" xsi:schemaLocation="http://www.loc.gov/MARC21/slim http://www.loc.gov/standards/marcxml/schema/MARC21slim.xsd">
   <leader>00925njm 22002777a 4500</leader>
   <datafield ind2=" " ind1=" " tag="042">
      <subfield code="a">dc</subfield>
   </datafield>
   <datafield ind2=" " ind1=" " tag="720">
      <subfield code="a">Dones Coll, Mónica</subfield>
      <subfield code="e">author</subfield>
   </datafield>
   <datafield ind2=" " ind1=" " tag="260">
      <subfield code="c">2025-11-25</subfield>
   </datafield>
   <datafield ind2=" " ind1=" " tag="520">
      <subfield code="a">El contacto con la muerte es frecuente en el ámbito sanitario y puede generar ansiedad y estrés emocional en los profesionales, afectando a su bienestar y la calidad del cuidado que ofrecen. Comprender los factores que influyen en esta ansiedad es clave para diseñar estrategias de apoyo y formación.&#xd;
Objetivos: Comparar la ansiedad ante la muerte entre profesionales sanitarios según su nivel de exposición a la muerte, y analizar su relación con variables sociodemográficas, laborales y de afrontamiento.&#xd;
Metodología: Estudio transversal con 102 profesionales sanitarios. Se aplicó un cuestionario online ad hoc y la escala Collett-Lester Fear of Death Scale (CL-FODS). Se realizaron análisis mediante t de Student y ANOVA.&#xd;
Resultados: Se encontraron diferencias significativas en la ansiedad ante la muerte según nivel y frecuencia de exposición a la muerte (mayor ansiedad en quienes están menos expuestos; p = .016 y p = .003, respectivamente), género (mayor en mujeres, p = .007), formación en afrontamiento emocional (mayor ansiedad en quienes no recibieron formación, p = .004) y autopercepción de competencia profesional (menor ansiedad en quienes se percibían más competentes, p = .027). Estas diferencias se localizaron principalmente en las subescalas miedo a la muerte de otros y miedo al proceso de morir de otros. Por el contrario, no se hallaron diferencias significativas en las puntuaciones globales ni en las subescalas según edad, experiencia laboral o profesión sanitaria.&#xd;
Conclusión: La ansiedad ante la muerte está influida principalmente por la exposición al fallecimiento de pacientes, el género, la formación en estrategias de afrontamiento y la autopercepción de competencia. Estos hallazgos subrayan la necesidad de reforzar la capacitación específica y crear espacios estructurados de apoyo emocional dentro de los entornos sanitarios, con el fin de reducir la carga emocional y favorecer un afrontamiento más saludable ante la muerte.</subfield>
   </datafield>
   <datafield ind1="8" ind2=" " tag="024">
      <subfield code="a">http://hdl.handle.net/20.500.12328/5207</subfield>
   </datafield>
   <datafield tag="653" ind2=" " ind1=" ">
      <subfield code="a">Ansiedad ante la muerte</subfield>
   </datafield>
   <datafield tag="653" ind2=" " ind1=" ">
      <subfield code="a">Profesionales sanitarios</subfield>
   </datafield>
   <datafield tag="653" ind2=" " ind1=" ">
      <subfield code="a">Exposición a la muerte</subfield>
   </datafield>
   <datafield tag="653" ind2=" " ind1=" ">
      <subfield code="a">Afrontamiento</subfield>
   </datafield>
   <datafield tag="653" ind2=" " ind1=" ">
      <subfield code="a">Competencia</subfield>
   </datafield>
   <datafield tag="653" ind2=" " ind1=" ">
      <subfield code="a">Collett-Lester Fear of Death Scale</subfield>
   </datafield>
   <datafield tag="653" ind2=" " ind1=" ">
      <subfield code="a">Ansietat per la mort</subfield>
   </datafield>
   <datafield tag="653" ind2=" " ind1=" ">
      <subfield code="a">Professionals sanitaris</subfield>
   </datafield>
   <datafield tag="653" ind2=" " ind1=" ">
      <subfield code="a">Exposició a la mort</subfield>
   </datafield>
   <datafield tag="653" ind2=" " ind1=" ">
      <subfield code="a">Fronteig</subfield>
   </datafield>
   <datafield tag="653" ind2=" " ind1=" ">
      <subfield code="a">Competència</subfield>
   </datafield>
   <datafield tag="653" ind2=" " ind1=" ">
      <subfield code="a">Anxiety about death</subfield>
   </datafield>
   <datafield tag="653" ind2=" " ind1=" ">
      <subfield code="a">Healthcare professionals</subfield>
   </datafield>
   <datafield tag="653" ind2=" " ind1=" ">
      <subfield code="a">Exposure to death</subfield>
   </datafield>
   <datafield tag="653" ind2=" " ind1=" ">
      <subfield code="a">Coping</subfield>
   </datafield>
   <datafield tag="653" ind2=" " ind1=" ">
      <subfield code="a">Competence</subfield>
   </datafield>
   <datafield ind2="0" ind1="0" tag="245">
      <subfield code="a">Miedo a la muerte en profesionales de la salud: una comparación según el nivel de exposición a la muerte</subfield>
   </datafield>
</record></metadata></record></GetRecord></OAI-PMH>